[Event "EIWCC 2017"]
[Site "Riga"]
[Date "2017.04.13"]
[Round "3"]
[White "Lazarne Vajda, Szidonia"]
[Black "Lickrastina, Agnese"]
[Result "1-0"]
[WhiteElo "2355"]
[BlackElo "2223"]
[Annotator "NA"]
[PlyCount "117"]
[EventDate "2017.??.??"]
[EventType "swiss"]
[EventCountry "LAT"]
[SourceTitle "playchess.com"]
[Source "ChessBase"]
[SourceQuality "1"]
[TimeControl "40/5400+30:1800+30"]

1. e4 {[%emt 0:00:11]} e5 {[%emt 0:00:15]} 2. Nf3 {[%emt 0:00:25]} Nc6 {[%emt 0:00:13]} 3. Bb5 {[%emt 0:00:39]} a6 {[%emt 0:01:37]} 4. Ba4 {[%emt 0:00:26]} Nf6 {[%emt 0:01:11]} 5. O-O {[%emt 0:00:57]} d6 {[%emt 0:01:43]} 6. c3 {[%emt 0:04:01]} Be7 {[%emt 0:03:55]} 7. d4 {[%emt 0:03:09]} b5 {[%emt 0:01:35]} 8. Bc2 {[%emt 0:05:45]} Bg4 {[%emt 0:02:46]} 9. Be3 {[%emt 0:01:36]} exd4 {[%emt 0:10:35]} 10. cxd4 {[%emt 0:01:03]} Nb4 {[%emt 0:04:33]} 11. Nbd2 {[%emt 0:07:21]} Nxc2 {[%emt 0:01:37]} 12. Qxc2 {[%emt 0:00:05]} O-O {[%emt 0:00:27]} 13. Rfc1 {[%emt 0:03:58]} Rc8 {[%emt 0:03:15]} 14. d5 $11 {[%emt 0:03:03]} Bd7 {[%emt 0:09:03]} 15. Nd4 {[%emt 0:00:32]} Ng4 {[%emt 0:00:28]} 16. Bf4 {[%emt 0:03:46]} Bg5 {[%emt 0:03:30]} 17. Bxg5 {[%emt 0:04:11]} Qxg5 {[%emt 0:00:12]} 18. N2f3 {[%emt 0:00:42]} Qf4 {[%emt 0:02:24]} 19. Ne2 {[%emt 0:04:14]} Qf6 {[%emt 0:02:34]} 20. h3 {[%emt 0:01:50]} Ne5 {[%emt 0:03:37]} 21. Nxe5 {[%emt 0:01:04]} dxe5 {[%emt 0:02:18]} 22. Qc5 {[%emt 0:02:19]} Qg6 {[%emt 0:06:32]} 23. Ng3 {[%emt 0:01:20]} h5 {[%emt 0:02:45]} 24. Qe7 {[%emt 0:00:42]} Qd6 {[%emt 0:03:58]} 25. Qg5 {[%emt 0:05:53]} f6 {[%emt 0:02:46]} 26. Qxh5 {[%emt 0:00:44]} Qb4 {[%emt 0:02:53]} 27. Rc2 {[%emt 0:02:24]} c6 {[%emt 0:01:35]} 28. Rac1 {[%emt 0:02:04]} cxd5 {[%emt 0:01:42]} 29. exd5 {[%emt 0:03:15]} Rxc2 {[%emt 0:02:15]} 30. Rxc2 {[%emt 0:00:05]} Qd4 {[%emt 0:03:12]} 31. Qf3 {[%emt 0:04:07]} Rc8 {[%emt 0:02:43]} 32. Rxc8+ {[%emt 0:08:49]} Bxc8 {[%emt 0:00:10]} 33. Qb3 {[%emt 0:00:06]} Kf8 {[%emt 0:03:06]} 34. Nf1 {[%emt 0:01:25]} Ke7 {[%emt 0:07:15]} 35. Qc2 {[%emt 0:04:21]} Bd7 {[%emt 0:01:33]} 36. Ne3 {[%emt 0:00:38]} e4 {[%emt 0:02:30]} 37. Qc7 {[%emt 0:01:15]} g6 {[%emt 0:01:09]} 38. Qg3 {[%emt 0:02:30]} Be8 {[%emt 0:01:31]} 39. Qb8 {[%emt 0:02:47]} Bd7 {[%emt 0:03:38]} 40. Qg8 {[%emt 0:00:00]} Qxb2 {[%emt 0:00:38]} 41. Qxg6 {[%emt 0:04:18]} Qa1+ {[%emt 0:01:06]} 42. Kh2 {[%emt 0:00:29]} Qe5+ {[%emt 0:00:13]} 43. g3 {[%emt 0:00:16]} a5 {[%emt 0:00:35]} 44. h4 {[%emt 0:01:55]} Be8 {[%emt 0:01:29]} 45. Qh7+ {[%emt 0:02:09]} Kd8 {[%emt 0:02:44]} 46. Qa7 {[%emt 0:03:45]} a4 {[%emt 0:00:39]} 47. a3 {[%emt 0:02:12]} Bd7 {[%emt 0:00:29]} 48. Qc5 {[%emt 0:01:13]} Ke8 {[%emt 0:00:23]} 49. Ng2 {[%emt 0:00:33]} b4 {[%emt 0:04:01]} 50. Qxb4 {[%emt 0:01:34]} Qxd5 {[%emt 0:00:08]} 51. Nf4 {[%emt 0:00:34]} Qf5 {[%emt 0:01:46]} 52. Kg1 {[%emt 0:02:40]} Kf7 {[%emt 0:04:47]} 53. Qb7 {[%emt 0:00:37]} Ke8 {[%emt 0:00:51]} 54. Nd5 {[%emt 0:01:05]} Qe5 {[%emt 0:02:32]} 55. h5 {[%emt 0:03:52]} Qg5 {[%emt 0:03:06]} 56. Qb8+ {[%emt 0:03:59]} Kf7 {[%emt 0:00:13]} 57. Qd6 {[%emt 0:00:18]} Qc1+ {[%emt 0:03:07]} 58. Kh2 {[%emt 0:00:05]} Qc6 {[%emt 0:00:14]} 59. Qe7+ {[%emt 0:00:17]} 1-0

[Event "EIWCC 2017"]
[Site "Riga"]
[Date "2017.04.13"]
[Round "3"]
[White "Brunello, Marina"]
[Black "Galliamova, Alisa"]
[Result "1/2-1/2"]
[WhiteElo "2354"]
[BlackElo "2444"]
[Annotator "TA"]
[PlyCount "66"]
[EventDate "2017.??.??"]
[EventType "swiss"]
[EventCountry "LAT"]
[SourceTitle "playchess.com"]
[Source "ChessBase"]
[SourceQuality "1"]

{[%evp 18,66,12,0,36,10,31,0,14,-16,-10,-14,-10,-17,-13,-26,-6,-33,-8,-127,-131,-297,-290,-279,-114,-144,-82,-71,-66,-87,-83,-85,-85,-91,-93,-88,-58,-94,-44,-41,-33,-54,-51,-59,0,0,0,-60,0,0,0]} 1. e4 e5 2. Nf3 Nc6 3. Bc4 Bc5 4. c3 Nf6 5. d3 a6 6. Bb3 Ba7 7. Nbd2 {[%cal Bb1d2,Bd2e4,Be4g3][%mdl 32] C54: Giuoco Piano: 4 c3 Nf6, main lines with 5 d4 and 5 d3} d5 (7... d6 8. h3 Ne7 9. Nf1 Ng6 10. Ng3 O-O 11. O-O h6 12. d4 Re8 13. Re1 b5 14. a4 Bb7 15. Bc2 c5 16. Be3 Bb6 17. axb5 axb5 18. Rxa8 Bxa8 19. dxe5 Nxe5 20. Nxe5 dxe5 21. Qxd8 Rxd8 22. b4 Rc8 23. Nf5 Kf8 24. Nd6 Rc6 25. Ra1 Rxd6 26. Rxa8+ Rd8 27. Bxc5+ Kg8 28. Rxd8+ Bxd8 29. Bd3 Nd7 30. Bd6 {1-0 (30) Neiksans,A (2627)-Tari,A (2584) chess.com INT 2017}) 8. exd5 Nxd5 9. Ne4 O-O 10. O-O {LiveBook: 4 Games} Bg4 11. Re1 $146 (11. h3 Bh5 12. Ng3 Bg6 13. Re1 Qd6 14. Nh4 {1-0 (52) Collutiis,D (2463)-Blagojevic,D (2505) Tromsoe 2014}) 11... f6 12. Ng3 Qd7 13. Qe2 Rfe8 14. Qe4 Be6 15. Bd2 Rad8 16. Rad1 Kh8 17. Qh4 Nde7 $36 {[%mdl 2048] Black is more active.} 18. Bc2 (18. Be3 $11 {keeps the balance.}) 18... Ng6 $17 (18... Bxa2 19. d4 e4 20. Bxe4 $16 (20. Rxe4 Ng6 21. Rxe8+ Qxe8 $16)) 19. Qa4 $2 {[#]} (19. Qe4 $17 {is the only way for White.}) 19... Bg4 $1 $19 20. Bc1 f5 (20... Bxf3 $19 {and Black stays clearly on top.} 21. gxf3 {[#]} Bd4 $1 {[%mdl 512]}) 21. Bg5 Bxf3 (21... Ra8 $142 {Hoping for ...h6.} 22. d4 e4 23. Nxe4 Bxf3 24. gxf3 fxe4 25. Bxe4 Qd6) 22. gxf3 $17 f4 23. Bxd8 (23. Ne4 $2 Rb8 24. d4 exd4 $17) 23... Rxd8 ({Much worse is} 23... fxg3 24. hxg3 Qh3 25. Qg4 (25. Bh4 Rf8 26. Rd2 Rxf3 $17) 25... Qxg4 26. fxg4 $11) 24. Qe4 ({Wrong is} 24. Ne4 $2 Nh4 25. Kf1 Nxf3 $19) 24... fxg3 25. hxg3 Qh3 26. d4 Rf8 27. Qd5 exd4 28. Bxg6 {Qf7! is the strong threat.} dxc3 29. Qf7 {[%cal Rf7f8]} Qxg3+ $1 30. Kh1 {[%cal Rf7f8]} Qh3+ ({Black should try} 30... Qh4+ $15 31. Kg2 Qxf2+ 32. Kh3 Qxf3+ 33. Qxf3 Rxf3+ 34. Kg2 Rf2+ 35. Kg3 Bc5) 31. Kg1 $11 {[%cal Rf7f8]} Qg3+ (31... Bc5 $11 32. Re8 Qg3+ 33. Kh1 Qh3+ 34. Kg1 Qg3+ 35. Kh1 Qh4+ 36. Kg2 Qxf2+ 37. Kh3 hxg6 38. Rxf8+ Bxf8 39. Qxf8+ Kh7 40. bxc3 Ne5) 32. Kh1 $15 {[%cal Rf7f8]} Qh3+ ({Better is} 32... Qh4+ $15 33. Kg2 Qg5+ 34. Kf1 Qc5 35. Qxf8+ Qxf8) 33. Kg1 $11 {[%cal Rf7f8]} Qg3+ (33... Bc5 $5 34. Re8 $8 Qg3+ 35. Kh1 Qh4+ 36. Kg2 Qxf2+ 37. Kh3 hxg6 38. Rxf8+ Bxf8 39. Qxf8+ Kh7 40. bxc3 Ne5 $11) 1/2-1/2

[Event "EIWCC 2017"]
[Site "Riga"]
[Date "2017.04.13"]
[Round "3"]
[White "Mammadzada, Gunay"]
[Black "Movileanu, Daniela"]
[Result "1-0"]
[WhiteElo "2348"]
[BlackElo "2213"]
[Annotator "NA"]
[PlyCount "144"]
[EventDate "2017.??.??"]
[EventType "swiss"]
[EventCountry "LAT"]
[SourceTitle "playchess.com"]
[Source "ChessBase"]
[SourceQuality "1"]
[TimeControl "40/5400+30:1800+30"]

1. e4 {[%emt 0:00:00]} c5 {[%emt 0:00:10]} 2. Nf3 {[%emt 0:00:00]} d6 {[%emt 0:00:15]} 3. d4 {[%emt 0:00:00]} Nf6 {[%emt 0:00:22]} 4. Nc3 {[%emt 0:00:19]} cxd4 {[%emt 0:00:11]} 5. Nxd4 {[%emt 0:00:03]} a6 {[%emt 0:00:15]} 6. h3 {[%emt 0:00:27]} e6 {[%emt 0:02:45]} 7. g4 {[%emt 0:00:18]} d5 {[%emt 0:00:44]} 8. Nde2 {[%emt 0:19:41]} Nc6 {[%emt 0:15:45]} 9. exd5 {[%emt 0:11:07]} Nxd5 {[%emt 0:01:30]} 10. Nxd5 {[%emt 0:04:46]} Qxd5 {[%emt 0:01:24]} 11. Qxd5 {[%emt 0:04:17]} exd5 {[%emt 0:00:07]} 12. Nf4 {[%emt 0:05:46]} Be6 {[%emt 0:04:36]} 13. Bg2 {[%emt 0:07:40]} Rd8 {[%emt 0:06:16]} 14. O-O {[%emt 0:02:37]} Bc5 {[%emt 0:04:15]} 15. Re1 {[%emt 0:04:41]} O-O {[%emt 0:03:10]} 16. Be3 {[%emt 0:06:51]} d4 {[%emt 0:07:40]} 17. Bd2 {[%emt 0:00:26]} Rd6 {[%emt 0:08:08]} 18. a3 {[%emt 0:04:32]} Rc8 {[%emt 0:08:22]} 19. Nxe6 {[%emt 0:03:12]} Rxe6 {[%emt 0:00:15]} 20. Rxe6 {[%emt 0:05:36]} fxe6 {[%emt 0:00:07]} 21. Re1 {[%emt 0:00:04]} Kf7 {[%emt 0:01:31]} 22. Be4 {[%emt 0:00:26]} g6 {[%emt 0:01:07]} 23. Kg2 {[%emt 0:00:25]} Bd6 {[%emt 0:05:41]} 24. f4 {[%emt 0:00:42]} Ne7 {[%emt 0:02:29]} 25. Kf3 {[%emt 0:07:30]} Rc7 {[%emt 0:07:52]} 26. Ke2 {[%emt 0:02:29]} Bc5 {[%emt 0:02:11]} 27. Kd3 {[%emt 0:00:51]} Rd7 {[%emt 0:01:08]} 28. h4 {[%emt 0:01:33]} b5 {[%emt 0:05:25]} 29. Rh1 {[%emt 0:01:06]} Kg7 {[%emt 0:01:48]} 30. h5 {[%emt 0:00:39]} Ng8 {[%emt 0:02:54]} 31. hxg6 {[%emt 0:02:18]} hxg6 {[%emt 0:00:07]} 32. Re1 {[%emt 0:02:14]} Ne7 {[%emt 0:01:57]} 33. Bb4 {[%emt 0:01:10]} Bb6 {[%emt 0:01:47]} 34. Rh1 {[%emt 0:01:22]} Ng8 {[%emt 0:03:41]} 35. g5 {[%emt 0:01:51]} Bc7 {[%emt 0:01:25]} 36. Rf1 {[%emt 0:00:23]} Rf7 {[%emt 0:00:31]} 37. Bc5 {[%emt 0:00:36]} e5 {[%emt 0:00:33]} 38. Bd5 {[%emt 0:00:18]} Rxf4 {[%emt 0:00:28]} 39. Rxf4 {[%emt 0:00:02]} exf4 {[%emt 0:00:04]} 40. Bxd4+ {[%emt 0:00:00]} Kf8 {[%emt 0:00:08]} 41. Bc5+ {[%emt 0:07:16]} Ne7 {[%emt 0:05:07]} 42. Bb7 {[%emt 0:02:13]} a5 {[%emt 0:01:03]} 43. Ba6 {[%emt 0:01:57]} Kf7 {[%emt 0:04:24]} 44. Bxb5 {[%emt 0:01:47]} Nf5 {[%emt 0:02:15]} 45. Bc4+ {[%emt 0:00:40]} Ke8 {[%emt 0:00:07]} 46. b4 {[%emt 0:05:19]} axb4 {[%emt 0:01:01]} 47. axb4 {[%emt 0:04:35]} Bd8 {[%emt 0:04:44]} 48. Bb5+ {[%emt 0:00:48]} Kf7 {[%emt 0:00:06]} 49. Bd7 {[%emt 0:04:20]} Bxg5 {[%emt 0:08:25]} 50. Bxf5 {[%emt 0:01:14]} gxf5 {[%emt 0:00:15]} 51. c4 {[%emt 0:01:00]} Ke6 {[%emt 0:04:17]} 52. b5 {[%emt 0:00:45]} f3 {[%emt 0:00:57]} 53. Be3 {[%emt 0:01:47]} Bh4 {[%emt 0:02:09]} 54. c5 {[%emt 0:02:20]} Kd5 {[%emt 0:00:53]} 55. c6 {[%emt 0:01:01]} Bd8 {[%emt 0:01:50]} 56. Kd2 {[%emt 0:01:14]} Ba5+ {[%emt 0:00:38]} 57. Kd1 {[%emt 0:00:30]} f4 {[%emt 0:00:49]} 58. Bf2 {[%emt 0:00:39]} Bc7 {[%emt 0:00:34]} 59. Ke1 {[%emt 0:00:35]} Bd6 {[%emt 0:00:46]} 60. Kf1 {[%emt 0:00:10]} Bc7 {[%emt 0:00:23]} 61. Kg1 {[%emt 0:00:15]} Ba5 {[%emt 0:00:37]} 62. Kh2 {[%emt 0:00:25]} Bc7 {[%emt 0:00:29]} 63. Kh3 {[%emt 0:00:17]} Bd8 {[%emt 0:00:30]} 64. Kg4 {[%emt 0:00:16]} Bc7 {[%emt 0:00:06]} 65. Kxf3 {[%emt 0:00:08]} Bd6 {[%emt 0:00:32]} 66. Kg4 {[%emt 0:01:28]} Bc7 {[%emt 0:00:20]} 67. Kf5 {[%emt 0:00:19]} Bb8 {[%emt 0:00:27]} 68. Kf6 {[%emt 0:00:59]} Kd6 {[%emt 0:00:12]} 69. Bb6 {[%emt 0:00:29]} f3 {[%emt 0:01:06]} 70. Kf5 {[%emt 0:00:29]} Kd5 {[%emt 0:00:28]} 71. Bf2 {[%emt 0:00:14]} Bc7 {[%emt 0:00:50]} 72. Kg4 {[%emt 0:00:08]} Ke6 1-0

[Event "EIWCC 2017"]
[Site "Riga"]
[Date "2017.04.13"]
[Round "3"]
[White "Warakomska, Anna"]
[Black "Girya, Olga"]
[Result "0-1"]
[WhiteElo "2343"]
[BlackElo "2470"]
[Annotator "TA"]
[PlyCount "92"]
[EventDate "2017.??.??"]
[EventType "swiss"]
[EventCountry "LAT"]
[SourceTitle "playchess.com"]
[Source "ChessBase"]
[SourceQuality "1"]

{[%evp 17,92,18,20,31,22,42,38,35,54,48,34,31,47,42,43,12,26,0,0,0,4,-10,-5,-39,-43,-50,-35,-104,-98,-118,-100,-234,-234,-226,-226,-273,-224,-222,-218,-291,-283,-261,-219,-352,-258,-401,-403,-387,-386,-560,-570,-637,-657,-657,-647,-673,-674,-762,-730,-646,-659,-795,-764,-763,-772,-725,-695,-708,-698,-720,-540,-939,-948,-1173,-1157,-1130,-1127]} 1. d4 d5 2. c4 c6 3. Nf3 Nf6 4. Qc2 dxc4 5. e4 {D11: Slav Defence: 3 Nf3 sidelines and 3...Nf6 4 e3 Bg4} (5. Qxc4 Bf5 6. g3 e6 7. Bg2 Nbd7 8. O-O Be7 9. e3 O-O 10. Qe2 Rc8 11. Rd1 Qa5 12. Bd2 Qb5 13. Qxb5 cxb5 14. Ne1 Ne4 15. Nc3 Nxd2 16. Rxd2 Bb4 17. Bxb7 {1-0 (45) Ivanchuk,V (2747)-Mamedyarov,S (2768) Doha 2016}) 5... b5 6. b3 cxb3 7. axb3 e6 8. Bd2 Bb7 9. Ba5 Qc8 {LiveBook: 13 Games} 10. Bd3 Be7 11. O-O Nbd7 $146 (11... h6 12. b4 O-O {0-1 (40) Karner,C (2181)-Haznedaroglu,K (2187) Patras 1999}) 12. b4 {[%mdl 1024] White has compensation.} h6 13. Nbd2 O-O 14. Nb3 Re8 15. Qe2 Bf8 16. e5 Nd5 17. Qe4 {[%csl Gd3][%cal Re4h7]} f5 $1 {[%cal Rf5e4]} 18. exf6 N7xf6 19. Qh4 (19. Qg6 $2 Nf4 20. Qg3 Nxd3 $19) 19... g5 $36 {[%mdl 2048] Black is more active.} 20. Nxg5 $1 hxg5 21. Qxg5+ Bg7 22. h4 (22. Rae1 $15) 22... Re7 23. h5 {[#] Black should prevent h6.} Nh7 $1 {[%cal Rh7g5]} 24. Qg3 (24. Qg6 $17 {keeps fighting.} Nf8 25. Qg4) 24... Kh8 $19 25. Rae1 Qb8 ({Don't take} 25... Nhf6 26. Nc5 $17) 26. f4 Qg8 {And now ...Bxd4+! would win.} 27. Bg6 Rf8 28. Qh2 Bh6 29. g3 Qg7 30. Qd2 (30. Re5 $142) 30... Nhf6 {Hoping for ...Nxh5!} 31. Qe2 {[#]} (31. Qh2 {only move.}) 31... Nxh5 $1 {[%mdl 512]} 32. Qxh5 Nf6 33. Qh3 (33. Qh4 $142 Qxg6 34. f5) 33... Qxg6 {Black is clearly winning.} 34. Nc5 Rh7 35. Qg2 Bc8 36. Rf3 Nd5 37. Nd3 Bg7 38. Ne5 Bxe5 39. Rxe5 c5 40. bxc5 Bb7 41. Bd2 Nf6 42. Rxe6 Qg4 43. Ree3 Bxf3 44. Rxf3 Qf5 45. Rb3 Qc2 {( -> ...Qd1+)} 46. Re3 Ng4 0-1

[Event "EIWCC 2017"]
[Site "Riga"]
[Date "2017.04.13"]
[Round "3"]
[White "Worek, Joanna"]
[Black "Pavlidou, Ekaterini"]
[Result "0-1"]
[WhiteElo "2330"]
[BlackElo "2180"]
[Annotator "NA"]
[PlyCount "58"]
[EventDate "2017.??.??"]
[EventType "swiss"]
[EventCountry "LAT"]
[SourceTitle "playchess.com"]
[Source "ChessBase"]
[SourceQuality "1"]
[TimeControl "40/5400+30:1800+30"]

1. e4 {[%emt 0:00:00]} c5 {[%emt 0:02:11]} 2. Nf3 {[%emt 0:00:00]} Nc6 {[%emt 0:00:37]} 3. d4 {[%emt 0:00:00]} cxd4 {[%emt 0:00:57]} 4. Nxd4 {[%emt 0:00:05]} Nf6 {[%emt 0:01:17]} 5. Nc3 {[%emt 0:00:35]} e6 {[%emt 0:00:45]} 6. Ndb5 {[%emt 0:01:28]} Bb4 {[%emt 0:04:51]} 7. a3 {[%emt 0:01:31]} Bxc3+ {[%emt 0:00:07]} 8. Nxc3 {[%emt 0:00:05]} O-O {[%emt 0:04:43]} 9. Bg5 {[%emt 0:24:46]} d5 {[%emt 0:06:44]} 10. exd5 {[%emt 0:04:13]} exd5 {[%emt 0:00:13]} 11. Bd3 {[%emt 0:00:20]} Re8+ {[%emt 0:02:19]} 12. Ne2 {[%emt 0:00:41]} h6 {[%emt 0:04:56]} 13. Bh4 {[%emt 0:06:04]} Qa5+ {[%emt 0:08:38]} 14. c3 {[%emt 0:02:45]} Ne4 {[%emt 0:04:52]} 15. O-O {[%emt 0:03:27]} Qb6 {[%emt 0:01:03]} 16. b4 {[%emt 0:08:50]} Bg4 {[%emt 0:02:08]} 17. Qc2 {[%emt 0:02:31]} Bxe2 {[%emt 0:09:33]} 18. Bxe2 {[%emt 0:07:16]} Rac8 {[%emt 0:09:04]} 19. Qb2 {[%emt 0:09:57]} Nxc3 {[%emt 0:04:24]} 20. Qxc3 {[%emt 0:04:44]} Nd4 {[%emt 0:00:25]} 21. Qh3 {[%emt 0:01:30]} Nxe2+ {[%emt 0:00:17]} 22. Kh1 {[%emt 0:00:02]} Qe6 {[%emt 0:03:06]} 23. Qb3 {[%emt 0:06:02]} d4 {[%emt 0:07:07]} 24. Qxe6 {[%emt 0:01:05]} Rxe6 {[%emt 0:00:06]} 25. f3 {[%emt 0:02:06]} d3 {[%emt 0:01:03]} 26. Rad1 {[%emt 0:00:49]} Rc3 {[%emt 0:00:38]} 27. a4 {[%emt 0:01:00]} Rd6 {[%emt 0:07:47]} 28. Bf2 {[%emt 0:04:50]} d2 {[%emt 0:03:16]} 29. Bxa7 {[%emt 0:00:31]} Rdd3 {[%emt 0:01:23]} 0-1

[Event "EIWCC 2017"]
[Site "Riga"]
[Date "2017.04.13"]
[Round "3"]
[White "Malakhova, Elizaveta"]
[Black "Erneste, Inguna"]
[Result "1-0"]
[WhiteElo "2324"]
[BlackElo "2168"]
[Annotator "NA"]
[PlyCount "77"]
[EventDate "2017.??.??"]
[EventType "swiss"]
[EventCountry "LAT"]
[SourceTitle "playchess.com"]
[Source "ChessBase"]
[SourceQuality "1"]
[TimeControl "40/5400+30:1800+30"]

1. d4 {[%emt 0:00:00]} d5 {[%emt 0:00:05]} 2. e3 {[%emt 0:00:00]} Nf6 {[%emt 0:01:29]} 3. Bd3 {[%emt 0:00:15]} c5 {[%emt 0:03:09]} 4. c3 {[%emt 0:00:41]} e6 {[%emt 0:11:43]} 5. f4 {[%emt 0:02:16]} Bd6 {[%emt 0:02:38]} 6. Nf3 {[%emt 0:03:01]} O-O {[%emt 0:00:35]} 7. O-O {[%emt 0:01:02]} Nbd7 {[%emt 0:00:12]} 8. Ne5 {[%emt 0:07:53]} Re8 {[%emt 0:02:32]} 9. Nd2 {[%emt 0:03:30]} Nf8 {[%emt 0:01:11]} 10. Rf3 {[%emt 0:14:47]} g6 {[%emt 0:10:28]} 11. Rh3 {[%emt 0:12:29]} N6d7 {[%emt 0:12:22]} 12. Qg4 {[%emt 0:04:54]} f5 {[%emt 0:10:38]} 13. Qg3 {[%emt 0:01:42]} Nxe5 {[%emt 0:04:32]} 14. fxe5 {[%emt 0:00:41]} Be7 {[%emt 0:00:53]} 15. Nf3 {[%emt 0:02:40]} Bd7 {[%emt 0:05:04]} 16. Bd2 {[%emt 0:03:27]} Rc8 {[%emt 0:02:02]} 17. Rf1 {[%emt 0:04:04]} a6 {[%emt 0:00:40]} 18. Bb1 {[%emt 0:01:38]} b5 {[%emt 0:05:54]} 19. Kh1 {[%emt 0:04:32]} a5 {[%emt 0:01:55]} 20. e4 {[%emt 0:02:23]} dxe4 {[%emt 0:01:32]} 21. Ng5 {[%emt 0:03:41]} Bxg5 {[%emt 0:00:47]} 22. Bxg5 {[%emt 0:00:06]} Qc7 {[%emt 0:01:26]} 23. dxc5 {[%emt 0:03:28]} Qxc5 {[%emt 0:02:14]} 24. Bf6 {[%emt 0:01:58]} Re7 {[%emt 0:04:33]} 25. Bxe7 {[%emt 0:06:00]} Qxe7 {[%emt 0:00:01]} 26. a3 {[%emt 0:00:24]} b4 {[%emt 0:03:35]} 27. axb4 {[%emt 0:05:41]} axb4 {[%emt 0:00:08]} 28. Qf4 {[%emt 0:00:20]} g5 {[%emt 0:03:44]} 29. Qd2 {[%emt 0:01:51]} g4 {[%emt 0:02:44]} 30. Rg3 {[%emt 0:01:16]} Ng6 {[%emt 0:00:50]} 31. Ba2 {[%emt 0:01:15]} Nxe5 {[%emt 0:01:39]} 32. Rxf5 {[%emt 0:01:06]} bxc3 {[%emt 0:00:12]} 33. bxc3 {[%emt 0:01:06]} Ng6 {[%emt 0:00:58]} 34. Rxg4 {[%emt 0:01:53]} Bc6 {[%emt 0:00:57]} 35. Rf1 {[%emt 0:01:00]} Kg7 {[%emt 0:01:38]} 36. h3 {[%emt 0:01:02]} Rd8 {[%emt 0:00:20]} 37. Qf2 {[%emt 0:01:50]} Ra8 {[%emt 0:02:05]} 38. Qd4+ {[%emt 0:00:39]} Kh6 {[%emt 0:00:40]} 39. Rf6 {[%emt 0:01:56]} 1-0

[Event "EIWCC 2017"]
[Site "Riga"]
[Date "2017.04.13"]
[Round "3"]
[White "Mamedjarova, Zeinab"]
[Black "Zhukova, Natalia"]
[Result "1/2-1/2"]
[WhiteElo "2322"]
[BlackElo "2438"]
[Annotator "TA"]
[PlyCount "36"]
[EventDate "2017.??.??"]
[EventType "swiss"]
[EventCountry "LAT"]
[SourceTitle "playchess.com"]
[Source "ChessBase"]
[SourceQuality "1"]

{[%evp 22,36,0,0,-3,-26,-32,-29,-34,-132,-14,-22,-8,-12,0,-12,0]} 1. d4 Nf6 2. Nf3 d5 3. e3 c5 4. b3 e6 5. Bd3 b6 6. O-O Bd6 7. Bb2 O-O 8. Nbd2 Bb7 9. Qe2 Nc6 {D05: Colle System with ...e6} 10. a3 Rc8 11. Ne5 Ne7 12. Rad1 {LiveBook: 4 Games} (12. dxc5 bxc5 13. c4 Qc7 14. f4 Nf5 15. cxd5 Nxd5 16. Ndc4 Nf6 17. e4 {½-½ (68) Sambuev,B (2539)-Mareco,S (2645) chess.com INT 2017}) 12... Qc7 13. f4 cxd4 $146 (13... Ne4 14. Bxe4 dxe4 15. dxc5 Bxc5 16. b4 Bxe3+ 17. Qxe3 {0-1 (46) Sambuev,B (2523)-Gundavaa,B (2519) Istanbul 2012}) 14. exd4 {[#]} Ne4 $1 {[%mdl 512]} 15. Qg4 ({Better is} 15. c4 $15) (15. Nxe4 dxe4) 15... f5 (15... Nf5 $17 {Hoping for ...Ne3.} 16. Qh3 f6) 16. Qh3 {The position is equal.} Rf6 17. Qe3 b5 18. Ra1 a6 1/2-1/2

[Event "EIWCC 2017"]
[Site "Riga"]
[Date "2017.04.13"]
[Round "3"]
[White "Cosma, Elena-Luminita"]
[Black "Tsiganova, Monika"]
[Result "1-0"]
[WhiteElo "2316"]
[BlackElo "2111"]
[Annotator "NA"]
[PlyCount "89"]
[EventDate "2017.??.??"]
[EventType "swiss"]
[EventCountry "LAT"]
[SourceTitle "playchess.com"]
[Source "ChessBase"]
[SourceQuality "1"]
[TimeControl "40/5400+30:1800+30"]

1. d4 {[%emt 0:00:00]} Nf6 {[%emt 0:00:10]} 2. Nf3 {[%emt 0:00:00]} g6 {[%emt 0:00:11]} 3. g3 {[%emt 0:00:00]} Bg7 {[%emt 0:00:11]} 4. Bg2 {[%emt 0:00:00]} O-O {[%emt 0:00:28]} 5. O-O {[%emt 0:00:00]} d6 {[%emt 0:00:28]} 6. Re1 {[%emt 0:00:00]} Nbd7 {[%emt 0:02:19]} 7. e4 {[%emt 0:00:28]} e5 {[%emt 0:00:53]} 8. Nc3 {[%emt 0:00:10]} c6 {[%emt 0:01:34]} 9. a4 {[%emt 0:00:22]} a5 {[%emt 0:03:08]} 10. b3 {[%emt 0:01:39]} exd4 {[%emt 0:13:13]} 11. Nxd4 {[%emt 0:00:07]} Re8 {[%emt 0:00:38]} 12. Ba3 {[%emt 0:22:07]} Nc5 {[%emt 0:14:25]} 13. Qd2 {[%emt 0:01:35]} Qb6 $11 {[%emt 0:03:25]} 14. Bb2 {[%emt 0:07:36]} Bd7 {[%emt 0:10:03]} 15. Rad1 {[%emt 0:01:41]} Rad8 {[%emt 0:00:40]} 16. h3 {[%emt 0:01:23]} Qb4 {[%emt 0:15:22]} 17. Qc1 {[%emt 0:11:08]} d5 {[%emt 0:07:58]} 18. exd5 {[%emt 0:30:34]} Rxe1+ {[%emt 0:04:03]} 19. Rxe1 {[%emt 0:00:03]} Qxd4 {[%emt 0:05:27]} 20. Na2 {[%emt 0:00:15]} Nxb3 {[%emt 0:02:10]} 21. cxb3 {[%emt 0:00:03]} Qb6 {[%emt 0:00:15]} 22. dxc6 {[%emt 0:00:25]} Bxc6 {[%emt 0:00:23]} 23. Bxc6 {[%emt 0:00:11]} bxc6 {[%emt 0:00:15]} 24. Qc2 {[%emt 0:01:00]} Nh5 {[%emt 0:01:31]} 25. Bxg7 {[%emt 0:00:12]} Nxg7 {[%emt 0:00:24]} 26. Nc1 {[%emt 0:11:01]} Nf5 {[%emt 0:00:12]} 27. Ne2 {[%emt 0:00:57]} Qb4 {[%emt 0:06:30]} 28. Rd1 {[%emt 0:01:42]} Rxd1+ {[%emt 0:01:08]} 29. Qxd1 {[%emt 0:00:06]} Qe4 {[%emt 0:00:19]} 30. g4 {[%emt 0:02:33]} Ng7 {[%emt 0:01:05]} 31. Qd8+ {[%emt 0:01:58]} Ne8 {[%emt 0:01:12]} 32. Ng3 {[%emt 0:00:06]} Qe1+ {[%emt 0:00:16]} 33. Kg2 {[%emt 0:00:07]} Kf8 {[%emt 0:00:38]} 34. Qd4 {[%emt 0:00:37]} Qe6 {[%emt 0:00:38]} 35. Qc5+ {[%emt 0:01:20]} Kg8 {[%emt 0:00:39]} 36. Qxa5 {[%emt 0:00:27]} Qxb3 {[%emt 0:00:07]} 37. Qe5 {[%emt 0:03:21]} Ng7 {[%emt 0:02:25]} 38. Ne4 {[%emt 0:01:03]} f5 {[%emt 0:02:25]} 39. Nf6+ {[%emt 0:01:14]} Kf7 {[%emt 0:00:41]} 40. Nxh7 {[%emt 0:00:00]} fxg4 {[%emt 0:01:06]} 41. Ng5+ {[%emt 0:01:18]} Kg8 {[%emt 0:03:49]} 42. hxg4 {[%emt 0:00:25]} Qb4 {[%emt 0:00:27]} 43. f3 {[%emt 0:01:44]} Qd2+ {[%emt 0:03:40]} 44. Kh3 {[%emt 0:00:55]} Qd8 {[%emt 0:09:12]} 45. Qxg7+ 1-0